Ventura de la Vega : (Record no. 166908)

MARC details
000 -LEADER
campo de control de longitud fija 01146nam a2200253 i 4500
001 - NÚMERO DE CONTROL
campo de control 166908
003 - IDENTIFICADOR DE NÚMERO DE CONTROL
campo de control ES-MaACL
005 - FECHA Y HORA DE LA ÚLTIMA TRANSACCIÓN
campo de control 20250409130034.0
008 - DATOS DE LONGITUD FIJA--INFORMACIÓN GENERAL
campo de control de longitud fija 960520q1891 sp |||| | spa d
100 1# - ENTRADA PRINCIPAL--NOMBRE DE PERSONA
Nombre de persona Valera, Juan,
Fechas asociadas al nombre 1824-1905
9 (RLIN) 112638
245 10 - MENCIÓN DEL TÍTULO
Título Ventura de la Vega :
Resto del título estudio biográfico-crítico /
Mención de responsabilidad, etc. por Juan Valera.
260 ## - PUBLICACIÓN, DISTRIBUCIÓN, ETC.
Lugar de publicación, distribución, etc. Madrid :
Nombre del editor, distribuidor, etc. Sáenz de Jubera hermanos,
Fecha de publicación, distribución, etc. [1891] (
Fabricante Imp. de A. Pérez Dubrull)
300 ## - DESCRIPCIÓN FÍSICA
Extensión 61 p. :
Otras características físicas 1 retr. ;
Dimensiones 18 cm.
490 1# - MENCIÓN DE SERIE
Mención de serie Personajes ilustres ;
Designación de volumen o secuencia 3
530 ## - NOTA DISPONIBLE DE FORMULARIO FÍSICO ADICIONAL
Nota de formato físico adicional disponible Disponible en formato digital.
599 ## - NOTA A LAS ILUSTRACIONES
NOTA A LAS ILUSTRACIONES En p. 4 : Retr. de Ventura de la Vega.
600 14 - PUNTO DE ACCESO ADICIONAL DE MATERIA--NOMBRE DE PERSONA
Nombre de persona Vega, Ventura de la,
Fechas asociadas al nombre 1807-1865
9 (RLIN) 113584
830 1# - PUNTO DE ACCESO ADICIONAL DE SERIE-TÍTULO UNIFORME
Título uniforme Personajes ilustres ;
Designación de volumen o secuencia 3
9 (RLIN) 176457
852 ## - LOCALIZACIÓN
Ubicación ES-MaACL
Número de control de estantería T-759-F-2
Ubicación en estantería Depósito folletos
condición física Enciclopedia holandesa conservando cubierta original
Encuadernación Encuadernación en un volumen facticio
itemnumber 173337
Nota libre Revisado enlace: 09 de Abril de 2025
852 ## - LOCALIZACIÓN
Ubicación ES-MaACL
Número de control de estantería 1814-F-11
itemnumber 173336
Ubicación en estantería Depósito folletos
Nota libre Revisado enlace: 09 de Abril de 2025
856 ## - LOCALIZACIÓN Y ACCESO ELECTRÓNICOS
Identificador Uniforme de Recursos <a href="http://bdh-rd.bne.es/viewer.vm?id=0000201142&page=1 ">http://bdh-rd.bne.es/viewer.vm?id=0000201142&page=1 </a>
Texto de enlace Biblioteca Digital Hispánica
942 ## - ELEMENTOS DE ENTRADA SECUNDARIOS (KOHA)
Fuente del sistema de clasificación o colocación Clasificación decimal universal
Holdings
Estatus retirado Estado de pérdida Estado de daño No para préstamo Colección Biblioteca de origen Biblioteca actual Ubicación en estantería Fecha de adquisición Fuente de adquisición Total de préstamos Signatura topográfica completa Código de barras Visto por última vez Precio de reemplazo Tipo de ítem Koha
        Colección de folletos Biblioteca del Ateneo de Madrid Biblioteca del Ateneo de Madrid Depósito folletos 17/01/2008     1814-F-11 1175082 23/02/2023 23/02/2023 Folleto
        Colección de folletos Biblioteca del Ateneo de Madrid Biblioteca del Ateneo de Madrid Depósito folletos 17/01/2008     T-759-F-2 1175081 23/02/2023 23/02/2023 Folleto